|
|
|
|
| LEADER |
01097nam a2200289 4500 |
| 001 |
c000036872 |
| 003 |
CARM |
| 005 |
00000000000000.0 |
| 008 |
740826s1974 enka b 00100 eng |
| 015 |
|
|
|a GB***
|
| 019 |
1 |
|
|a 335785
|z 23848032
|z 47903885
|5 LACONCORD2021
|
| 020 |
|
|
|a 0408703997
|
| 035 |
|
|
|a (OCoLC)1046451
|5 LACONCORD2021
|
| 041 |
1 |
|
|a engger
|
| 050 |
0 |
0 |
|a TK454.4.M3
|b H413
|
| 100 |
1 |
|
|a Heck, Carl.
|
| 245 |
1 |
0 |
|a Magnetic materials and their applications.
|c Translated from the German by Stuart S. Hill.
|
| 260 |
|
|
|a London,
|b Butterworths
|c [1974]
|
| 300 |
|
|
|a xiv, 770 p.
|b illus.
|c 24 cm.
|
| 500 |
|
|
|a Revised and updated English version of Magnetische Werkstoffe und ihre technische Anwendung.
|
| 504 |
|
|
|a Includes bibliographies.
|
| 650 |
|
0 |
|a Magnetic materials.
|
| 650 |
|
0 |
|a Electric apparatus and appliances.
|
| 852 |
8 |
|
|b CARM
|h A2:AK35F0
|i C03686
|p 0193364
|f BK
|
| 082 |
0 |
4 |
|a 621.3
|
| 999 |
f |
f |
|i 39d5d3fa-7471-5e4c-9fa0-78eb00d83c7d
|s fb435fdf-daee-58df-86dc-61b447cf014d
|
| 952 |
f |
f |
|p Can circulate
|a CAVAL
|b CAVAL
|c CAVAL
|d CARM 1 Store
|e C03686
|f A2:AK35F0
|h Other scheme
|i book
|m 0193364
|